00617 2200241 4500001002100000005001500021035002000036007000300056008004100059020002200100082000600122084001200128100001700140245007000157260004400227300002900271650001700300700001800317700001000335990001000345990001000355990001000365INLIS00000000000188120200107092859 a0010-0418000038ta200107 g 0 ind  a978-602-02-6502-5 aF aF HAM h0 aHAMA, Nobuko1 aHappy! 9 /cNobuko Hama; alih bahasa, Ayu Arsandhi; editor, Niken aJakarta :bElex Media Komputindo,c2015 a404 hlm :bilus ;c18 cm 4aKOMIK.BACAAN0 aAYU, Arshandi0 aNIKEN a16140 a16140 a16140